Vzory daňových podaní 111 praktických vzorov s komentárom

Salvato in:
Dettagli Bibliografici
Autore principale: Kostovčík, Eugen
Natura: Libro
Lingua:slovacco
Pubblicazione: Košice EkosAudit 1995
Edizione:1. vyd.
Soggetti:
Tags: Aggiungi Tag
Nessun Tag, puoi essere il primo ad aggiungerne!!

MARC

LEADER 00000nam a2200000 4500
001 c013183
005 20221128074541.0
020 |a 80-901165-1-5 
041 0 |a slo 
044 |a SK 
245 1 0 |a Vzory daňových podaní  |b 111 praktických vzorov s komentárom  |c Eugen Kostovčík 
250 |a 1. vyd. 
264 1 |a Košice  |b EkosAudit  |c 1995 
300 |a 192 s. 
610 2 0 |a dane 
610 2 0 |a vzory 
610 2 0 |a komentáre 
610 2 0 |a podania súdne 
610 2 0 |a zákony 
610 2 0 |a Slovensko 
610 2 0 |a 1992 
100 1 |a Kostovčík, Eugen